The development of the European nations, 1870-1900
Tells us the development of European nations from 1870 to 1900
Сохранить в:
| Главный автор: | |
|---|---|
| Формат: | |
| Язык: | Undetermined |
| Опубликовано: |
London
Archibald Constable
1908
|
| Предметы: | |
| Метки: |
Добавить метку
Нет меток, Требуется 1-ая метка записи!
|
| Thư viện lưu trữ: | Trung tâm Học liệu Trường Đại học Cần Thơ |
|---|
| LEADER | 00655nam a2200217Ia 4500 | ||
|---|---|---|---|
| 001 | CTU_219784 | ||
| 008 | 210402s9999 xx 000 0 und d | ||
| 082 | |a 940.28 | ||
| 082 | |b R795 | ||
| 100 | |a Rose, J. Holland | ||
| 245 | 4 | |a The development of the European nations, 1870-1900 | |
| 245 | 0 | |c Holland Rose, J. | |
| 260 | |a London | ||
| 260 | |b Archibald Constable | ||
| 260 | |c 1908 | ||
| 520 | |a Tells us the development of European nations from 1870 to 1900 | ||
| 650 | |a Europe,Châu Âu | ||
| 650 | |x History,Lịch sử | ||
| 650 | |y 1875-1914,1815-1914 | ||
| 904 | |i Nguyên | ||
| 980 | |a Trung tâm Học liệu Trường Đại học Cần Thơ | ||